KOHA-Header-6

Corporate Finance Theory and Practice (Record no. 2097)

000 -LEADER
fixed length control field 00306nam a2200121Ia 4500
008 - FIXED-LENGTH DATA ELEMENTS--GENERAL INFORMATION
fixed length control field 190802s9999 xx 000 0 und d
020 ## - INTERNATIONAL STANDARD BOOK NUMBER
International Standard Book Number 978-81-265-1115-0
100 ## - MAIN ENTRY--PERSONAL NAME
Personal name Aswath Damodaran
245 #0 - TITLE STATEMENT
Title Corporate Finance Theory and Practice
260 ## - PUBLICATION, DISTRIBUTION, ETC. (IMPRINT)
Place of publication, distribution, etc India
Name of publisher, distributor, etc Wiley
Date of publication, distribution, etc 2017
300 ## - PHYSICAL DESCRIPTION
Extent 982:p
942 ## - ADDED ENTRY ELEMENTS (KOHA)
Koha item type Books
Holdings
Withdrawn status Lost status Damaged status Not for loan Collection code Permanent Location Current Location Shelving location Date acquired Full call number Barcode Date last seen Price effective from Koha item type
        Finance MAJU MAJU Shelf No.A44 2019-08-03 658.15 8720 2019-08-03 2019-08-03 Finance

Powered by Koha